ၶၢဝ်းတၢင်းသီႇႁူဝ်ႇမၢႆ-11 (Record no. 6174)

000 -LEADER
fixed length control field 00862nam a22002057a 4500
003 - CONTROL NUMBER IDENTIFIER
control field OSt
005 - DATE AND TIME OF LATEST TRANSACTION
control field 20260128094130.0
008 - FIXED-LENGTH DATA ELEMENTS--GENERAL INFORMATION
fixed length control field 210802b ||||| |||| 00| 0 eng d
040 ## - CATALOGING SOURCE
Transcribing agency OSt
041 ## - LANGUAGE CODE
Language code of text/sound track or separate title Shan
082 ## - DEWEY DECIMAL CLASSIFICATION NUMBER
Classification number 808.4
245 ## - TITLE STATEMENT
Title ၶၢဝ်းတၢင်းသီႇႁူဝ်ႇမၢႆ-11
Statement of responsibility, etc. ၸဝ်ႈၶူးၼေႃႇၶမ်းလႃႉ [---လႄႈတၢင်ႇပႃး] ႁၢင်ႈၶိူင်ႈပပ်ႉ-
260 ## - PUBLICATION, DISTRIBUTION, ETC.
Place of publication, distribution, etc. တႃႈၵုင်ႈ
Name of publisher, distributor, etc. [ဢမ်ႇပႃးတီႈ]
Date of publication, distribution, etc. 2009
300 ## - PHYSICAL DESCRIPTION
Extent xviii၊ 342 ၼႃႈ
Other physical details ပႃးၶႅပ်းႁၢင်ႈ (သီ)၊ လွၵ်း
Dimensions 21 ၸိၼ်ႇထီႇ
500 ## - GENERAL NOTE
General note S-SAT: Dr. Prof Sai Aung Tun
650 ## - SUBJECT ADDED ENTRY--TOPICAL TERM
Topical term or geographic name entry element လိၵ်ႈႁွမ်တွမ် (article)
942 ## - ADDED ENTRY ELEMENTS (KOHA)
Koha item type Books (Long term)
501 ## - WITH NOTE
With note ပႃးၽိုၼ်ဢိင်
Source of classification or shelving scheme
Holdings
Withdrawn status Lost status Source of classification or shelving scheme Damaged status Not for loan Collection Code Permanent Location Current Location Shelving location Date acquired Total Checkouts Full call number Barcode Date last seen Copy number Price effective from Koha item type Accession Date last checked out
          Tai Collection Shan State Buddhist University Library Shan State Buddhist University Library Tai Shelves 02/08/2021   808.4 ၶၢဝ်း ႓႔႕(1) SH00000345 02/08/2021 1 02/08/2021 Books (Long term) ႓႔႕(1)  
          Tai Collection Shan State Buddhist University Library Shan State Buddhist University Library Tai Shelves 02/08/2021 2 808.4 ၶၢဝ်း ႓႔႖(2) SH00000346 04/02/2025 2 02/08/2021 Books (Long term) ႓႔႖(2) 01/02/2025
          Tai Collection Shan State Buddhist University Library Shan State Buddhist University Library Tai Shelves 02/08/2021 1 808.4 ၶၢဝ်း ႓႔႗(3) SH00000347 18/09/2024 3 02/08/2021 Books (Long term) ႓႔႗(3) 03/09/2024
          Tai Collection Shan State Buddhist University Library Shan State Buddhist University Library Tai Shelves 02/08/2021 1 808.4 ၶၢဝ်း ႓႕႐(4) SH00000350 19/06/2024 4 02/08/2021 Books (Long term) ႓႕႐(4) 08/06/2024
          Tai Collection Shan State Buddhist University Library Shan State Buddhist University Library Tai Shelves 02/08/2021 3 808.4 ၶၢဝ်း ႓႕႑(5) SH00000351 19/06/2024 5 02/08/2021 Books (Long term) ႓႕႑(5) 10/06/2024
          Tai Collection Shan State Buddhist University Library Shan State Buddhist University Library Tai Shelves 02/08/2021 2 808.4 ၶၢဝ်း ႕႔႙(6) SH00000549 16/08/2024 6 02/08/2021 Books (Long term) ႕႔႙(6) 16/07/2024
          Tai Collection Shan State Buddhist University Library Shan State Buddhist University Library Tai Shelves 02/08/2021 3 808.4 ၶၢဝ်း ႕႕႐(7) SH00000550 27/10/2025 7 02/08/2021 Books (Long term) ႕႕႐(7) 18/10/2025
          Special Collections Shan State Buddhist University Library Shan State Buddhist University Library Special Collection Shelves 02/08/2021   808.4 ၶၢဝ်း ႒႔႗႑ S-SAT SH00002471 02/08/2021   02/08/2021 Book (Short term) ႒႔႗႑ S-SAT  

Library - 09407999929
Admin Office - 09407999979
Dean Office - 09250910768
Registrar Office - 09892297154
Email - [email protected]
Shan State Buddhist University, Phaya Phyu Taunggyi, Shan State, Myanmar.